[Event "Schleswig-Holstein-ch Kandidaten"]
[Site "Bad Segeberg"]
[Date "2018.03.29"]
[Round "9"]
[White "Schueler, Helmut"]
[Black "Braun, Matthias1111"]
[Result "0-1"]
[WhiteElo "1799"]
[BlackElo "1839"]
[PlyCount "80"]
[EventDate "2018.03.24"]
[EventType "swiss"]
[EventRounds "9"]
[EventCountry "GER"]
[SourceTitle "EXT 2023"]
[Source "ChessBase"]
[SourceDate "2022.10.05"]
[SourceVersion "1"]
[SourceVersionDate "2022.10.05"]
[SourceQuality "1"]

1. d4 d5 2. Nf3 Bf5 3. Bf4 e6 4. c3 c6 5. Qb3 Qb6 6. Nbd2 Nd7 7. e3 h6 8. Be2 Ngf6 9. h3 Be7 10. Ne5 0-0 11. g4 Bh7 12. g5 hxg5 13. Bxg5 Rfe8 14. Qxb6 Nxb6 15. a4 a5 16. h4 Nfd7 17. Nxd7 Nxd7 18. Bf4 c5 19. Bb5 Red8 20. 0-0-0 Nf6 21. dxc5 Ne4 22. Rh2 Nxc5 23. h5 f6 24. Bc7 Rdc8 25. Bb6 Bf5 26. Rg1 Kf7 27. f3 e5 28. Rhg2 Rg8 29. e4 Be6 30. exd5 Bxd5 31. Bc4 Bxc4 32. Nxc4 Nxa4 33. Bf2 Nc5 34. Kc2 Ne6 35. Be3 b5 36. Nb6 Rab8 37. Ra1 Bd8 38. Rxa5 Bxb6 39. Bxb6 Rxb6 40. Ra7+ Ke8 0-1

[Event "Schleswig-Holstein-ch Kandidaten"]
[Site "Bad Segeberg"]
[Date "2018.03.24"]
[Round "1"]
[White "Schueler, Helmut"]
[Black "Kollhoff, Josef"]
[Result "0-1"]
[WhiteElo "1799"]
[BlackElo "1869"]
[PlyCount "62"]
[EventDate "2018.03.24"]
[EventType "swiss"]
[EventRounds "9"]
[EventCountry "GER"]
[SourceTitle "EXT 2023"]
[Source "ChessBase"]
[SourceDate "2022.10.05"]
[SourceVersion "1"]
[SourceVersionDate "2022.10.05"]
[SourceQuality "1"]

1. e4 c6 2. d4 d5 3. exd5 cxd5 4. Bd3 Nc6 5. c3 Qc7 6. Qe2 Nxd4 7. Qd1 Nc6 8. Ne2 Bg4 9. Qa4 Bxe2 10. Bxe2 Nf6 11. 0-0 e6 12. Nd2 Bd6 13. Nf3 Ne4 14. Be3 0-0 15. c4 Rad8 16. cxd5 exd5 17. Rac1 Qb8 18. g3 Rfe8 19. Kg2 h6 20. Nh4 d4 21. Bh5 dxe3 22. Bxf7+ Kxf7 23. Qc4+ Re6 24. fxe3+ Nf6 25. Rxf6+ gxf6 26. Qc2 Rg8 27. Qh7+ Rg7 28. Qxh6 Qg8 29. Nf5 Rh7 30. Nxd6+ Rxd6 31. Qf4 Qd8 0-1

[Event "Schleswig Holstein-ch Hauptturnier"]
[Site "Ratzeburg"]
[Date "2017.04.14"]
[Round "9.3"]
[White "Schueler, Helmut"]
[Black "Gerks, Joachim"]
[Result "1/2-1/2"]
[WhiteElo "1818"]
[BlackElo "1826"]
[PlyCount "69"]
[EventDate "2017.04.08"]
[EventType "swiss"]
[EventRounds "9"]
[EventCountry "GER"]
[SourceTitle "EXT 2022"]
[Source "ChessBase"]
[SourceDate "2021.10.06"]
[SourceVersion "1"]
[SourceVersionDate "2021.10.06"]
[SourceQuality "1"]

1. Nf3 c5 2. g3 Nc6 3. Bg2 g6 4. d3 Bg7 5. c3 d5 6. 0-0 e6 7. Nbd2 Nge7 8. Re1 0-0 9. h4 h5 10. Nb3 b6 11. Bg5 f6 12. Bd2 e5 13. Qc2 Bb7 14. a4 a5 15. Rad1 Qc7 16. Qb1 d4 17. Qa2 Kh8 18. Na1 Rad8 19. Nc2 Nf5 20. Na3 Na7 21. cxd4 Nxd4 22. Nxd4 exd4 23. Bf4 Qf7 24. Qc4 Bxg2 25. Qxf7 Rxf7 26. Kxg2 Bf8 27. Nc4 Nc8 28. Rd2 Rfd7 29. Ra1 Kh7 30. Ra3 Bh6 31. Rb3 Bxf4 32. gxf4 Re7 33. Kf1 Re6 34. Rc2 Rd5 35. e4 1/2-1/2

[Event "Schleswig Holstein-ch Kandidaten"]
[Site "Schleswig Holstein"]
[Date "2012.06.??"]
[Round "2"]
[White "Coldewey, Carsten"]
[Black "Schueler, Helmut"]
[Result "1/2-1/2"]
[WhiteElo "1896"]
[BlackElo "1846"]
[PlyCount "78"]
[EventDate "2012.06.05"]
[EventType "swiss"]
[EventRounds "9"]
[EventCountry "GER"]
[SourceTitle "EXT 2022"]
[Source "ChessBase"]
[SourceDate "2021.10.06"]
[SourceVersion "1"]
[SourceVersionDate "2021.10.06"]
[SourceQuality "1"]

1. d4 Nf6 2. Nf3 c5 3. e3 e6 4. c4 Nc6 5. a3 b6 6. Nc3 Bb7 7. Be2 Rc8 8. d5 Ne7 9. e4 Ng6 10. h3 Bd6 11. Qc2 a6 12. Be3 Bf4 13. Bxf4 Nxf4 14. g3 exd5 15. exd5 Ng6 16. 0-0 0-0 17. Bd3 d6 18. Rae1 Rc7 19. Re3 Re7 20. Rfe1 Rfe8 21. Rxe7 Rxe7 22. Rxe7 Nxe7 23. Ne4 Nxe4 24. Bxe4 g6 25. g4 b5 26. b3 Nc8 27. Qd2 Qf6 28. Kg2 Kg7 29. Bd3 Nb6 30. Qa5 bxc4 31. bxc4 Qb2 32. Bf1 h6 33. Kg3 Qb3 34. Qd2 Qxa3 35. Qf4 Nc8 36. h4 Qc3 37. g5 hxg5 38. hxg5 Ne7 39. Bh3 Nxd5 1/2-1/2

[Event "Schleswig Holstein-ch Kandidaten"]
[Site "Schleswig Holstein"]
[Date "2012.06.??"]
[Round "1"]
[White "Schueler, Helmut"]
[Black "Bahr, Torsten"]
[Result "1/2-1/2"]
[WhiteElo "1846"]
[BlackElo "1927"]
[PlyCount "27"]
[EventDate "2012.06.05"]
[EventType "swiss"]
[EventRounds "9"]
[EventCountry "GER"]
[SourceTitle "EXT 2022"]
[Source "ChessBase"]
[SourceDate "2021.10.06"]
[SourceVersion "1"]
[SourceVersionDate "2021.10.06"]
[SourceQuality "1"]

1. e4 c6 2. d4 d5 3. exd5 cxd5 4. Bd3 Nc6 5. Nf3 Bg4 6. c3 e6 7. 0-0 Bd6 8. Re1 Nge7 9. Nbd2 Qc7 10. Nf1 0-0-0 11. g3 h5 12. h4 Nf5 13. Kg2 Nce7 14. Qa4 1/2-1/2

[Event "Schleswig Holstein-ch Kandidaten"]
[Site "Schleswig Holstein"]
[Date "2012.06.??"]
[Round "5"]
[White "Schueler, Helmut"]
[Black "Recklies, Volker"]
[Result "1/2-1/2"]
[WhiteElo "1846"]
[BlackElo "1726"]
[PlyCount "32"]
[EventDate "2012.06.05"]
[EventType "swiss"]
[EventRounds "9"]
[EventCountry "GER"]
[SourceTitle "EXT 2022"]
[Source "ChessBase"]
[SourceDate "2021.10.06"]
[SourceVersion "1"]
[SourceVersionDate "2021.10.06"]
[SourceQuality "1"]

1. c4 c6 2. Nc3 Nf6 3. Nf3 d5 4. cxd5 cxd5 5. d4 e6 6. e3 a6 7. Bd3 Nc6 8. 0-0 Bd6 9. Re1 0-0 10. e4 dxe4 11. Nxe4 Nb4 12. Nxf6+ Qxf6 13. Bg5 Nxd3 14. Bxf6 Nxe1 15. Be5 Nxf3+ 16. Qxf3 Rd8 1/2-1/2

[Event "Schleswig-Holstein-ch Young Seniors"]
[Site "Buesum"]
[Date "2010.03.31"]
[Round "7"]
[White "Busse, Gerd"]
[Black "Schueler, Helmut"]
[Result "0-1"]
[WhiteElo "1658"]
[BlackElo "1651"]
[PlyCount "32"]
[EventDate "2010.03.27"]
[EventType "swiss"]
[EventRounds "9"]
[EventCountry "GER"]
[SourceTitle "EXT 2023"]
[Source "ChessBase"]
[SourceDate "2022.10.05"]
[SourceVersion "1"]
[SourceVersionDate "2022.10.05"]
[SourceQuality "1"]

1. e4 e5 2. Nf3 Nc6 3. Bc4 Bc5 4. Nc3 Nf6 5. d3 h6 6. 0-0 a6 7. Bb3 d6 8. a3 0-0 9. Bd2 Ne7 10. Qc1 Kh7 11. Nh4 c6 12. Kh1 Ng4 13. h3 Nxf2+ 14. Rxf2 Bxf2 15. Nf5 Bxf5 16. exf5 Nxf5 0-1